000 00194 a2200097 4500
001 6846
100 _aBergergren, E
245 _aAlfred Nobel
260 _a
_bT. Nelson
_c
090 _c5659
_d5659
942 _aNUST-CAE
_cM
_c32110
999 _c241919
_d241919